[Event "NED-ch U13 Girls"]
[Site "Rijswijk"]
[Date "2006.05.27"]
[Round "9"]
[White "Van Leeuwen, Irene"]
[Black "Fluit, Sylvia"]
[Result "0-1"]
[WhiteElo "556"]
[BlackElo "1034"]
[PlyCount "72"]
[EventDate "2006.05.25"]
[EventType "swiss"]
[EventRounds "9"]
[EventCountry "NED"]
[SourceTitle "EXT 2009"]
[Source "ChessBase"]
[SourceDate "2008.11.26"]
[SourceVersion "1"]
[SourceVersionDate "2008.11.26"]
[SourceQuality "1"]

1. e4 e5 2. Nf3 Nc6 3. Nc3 Nf6 4. Bb5 Bc5 5. 0-0 0-0 6. Bxc6 dxc6 7. Nxe5 Bd6 8. Nc4 Be6 9. Na5 Rb8 10. d3 h6 11. Be3 Bb4 12. Bxa7 Ra8 13. Nxb7 Qc8 14. Bd4 Qxb7 15. Bxf6 gxf6 16. Qd2 Kh7 17. Rfe1 Bxa2 18. Re3 Be6 19. Rb1 Bd6 20. Qd1 Rg8 21. Qf3 Rg6 22. Qh5 Bg4 23. Qh4 Bf4 24. Ree1 Bd2 25. Rf1 Rb8 26. h3 Bf3 27. Kh1 Bxg2+ 28. Kh2 Bxf1 29. Rxf1 Qxb2 30. Ne2 Qxc2 31. Qh5 Qxd3 32. Ng3 Bf4 33. Qh4 Bxg3+ 34. fxg3 Qxf1 35. Qh5 Rb2+ 36. Qe2 Rxe2# 0-1

[Event "NED-ch U13 Girls"]
[Site "Rijswijk"]
[Date "2006.05.26"]
[Round "6"]
[White "Beukema, Louise"]
[Black "Van Leeuwen, Irene"]
[Result "1-0"]
[WhiteElo "1252"]
[BlackElo "556"]
[PlyCount "73"]
[EventDate "2006.05.25"]
[EventType "swiss"]
[EventRounds "9"]
[EventCountry "NED"]
[SourceTitle "EXT 2009"]
[Source "ChessBase"]
[SourceDate "2008.11.26"]
[SourceVersion "1"]
[SourceVersionDate "2008.11.26"]
[SourceQuality "1"]

1. e4 e5 2. Nf3 Nc6 3. Bc4 Nf6 4. Ng5 h6 5. Nxf7 Qe7 6. Nxh8 d6 7. Nc3 Bg4 8. Be2 h5 9. Nd5 Qe6 10. Nxc7+ Kd7 11. Nxe6 Kxe6 12. Ng6 Nd4 13. Bxg4+ hxg4 14. Nxf8+ Rxf8 15. 0-0 Rc8 16. c3 Nb5 17. d3 Rc7 18. Qb3+ Ke7 19. Qxb5 Rc5 20. Qxb7+ Kf8 21. Qb8+ Ke7 22. Be3 Ra5 23. Qc7+ Kf8 24. Qxa5 Ke7 25. Qxa7+ Kf8 26. b4 Kg8 27. b5 Kh7 28. b6 Kg6 29. b7 Nd7 30. b8Q Nxb8 31. Qxb8 Kh7 32. Rab1 Kg6 33. Qxd6+ Kf7 34. Rb7+ Kg8 35. Qxe5 Kf8 36. Qxg7+ Ke8 37. Qe7# 1-0